Statystyki dla Geografia quiz #17 - Państwa z największą powierzchnią terytorium

Kliknij tutaj aby rozwiązać quiz!

Ogólne statystyki

  • Ten quiz został rozwiązany 19 razy
  • Średni wynik to 35 z 40

Statystyki odpowiedzi

LpPaństwoPowierzchnia% Poprawnych
8Argentyna2 780 400 km²
100%
6Australia7 682 300 km²
100%
5Brazylia8 515 767 km²
100%
3Chiny9 596 960 km²
100%
7Indie3 287 263 km²
100%
2Kanada9 984 670 km²
100%
9Kazachstan2 724 900 km²
100%
25Kolumbia1 138 910 km²
100%
18Mongolia1 564 116 km²
100%
1Rosja17 098 242 km²
100%
4Stany Zjednoczone9 525 067 km²
100%
10Algieria2 381 741 km²
94%
29Egipt1 001 450 km²
94%
14Indonezja1 904 569 km²
94%
17Iran1 648 195 km²
94%
13Meksyk1 964 375 km²
94%
21Niger1 267 000 km²
94%
24RPA1 219 090 km²
94%
36Turcja783 562 km²
94%
12Arabia Saudyjska2 149 690 km²
88%
11DR Konga2 344 858 km²
88%
26Etiopia1 104 300 km²
88%
31Nigeria923 768 km²
88%
19Peru1 285 216 km²
88%
27Boliwia1 098 581 km²
82%
37Chile756 102 km²
82%
16Libia1 759 540 km²
82%
15Sudan1 861 484 km²
82%
22Angola1 246 700 km²
76%
33Namibia824 292 km²
76%
35Pakistan796 095 km²
76%
32Wenezuela912 050 km²
76%
40Afganistan652 230 km²
71%
23Mali1 240 192 km²
71%
20Czad1 284 000 km²
65%
28Mauretania1 030 700 km²
65%
34Mozambik799 380 km²
65%
30Tanzania947 300 km²
65%
38Zambia752 618 km²
65%
39Mjanma676 578 km²
59%

Rozkład punktacji

Percentyl według liczby udzielonych odpowiedzi

Procent ludzi z każdym wynikiem

Twoja historia wyników

Nie rozwiązałeś tego quizu